Miesto elektronickej variety anglického jazyka vo výučbe

Informačné a komunikačné technológie v pedagogickom procese. Jazyk internetovej komunikácie vo výučbe. Koncepcia učebného materiálu zameraného na elektronickú komunikáciu. Štruktúra lekcie.

Salvato in:
Dettagli Bibliografici
Autore principale: Maierová, Eva, 1965-
Natura: Capitolo di libro
Lingua:slovacco
Soggetti:
Tags: Aggiungi Tag
Nessun Tag, puoi essere il primo ad aggiungerne!!

MARC

LEADER 00000naa$a2200000$$$4500
001 0241322
005 20240502083647.5
041 0 |a slo 
044 |a DE 
245 1 0 |a Miesto elektronickej variety anglického jazyka vo výučbe  |c Eva Maierová 
520 |a Informačné a komunikačné technológie v pedagogickom procese. Jazyk internetovej komunikácie vo výučbe. Koncepcia učebného materiálu zameraného na elektronickú komunikáciu. Štruktúra lekcie. 
610 2 0 |a vzdelávanie elektronické 
610 2 0 |a komunikácia elektronická 
610 2 0 |a technológie informačné 
610 2 0 |a technológie komunikačné 
610 2 0 |a jazyky cudzie 
610 2 0 |a angličtina 
100 1 |a Maierová, Eva, 1965-